000 00603nam a2200145Ia 4500
008 170221s9999 xx 000 0 und d
100 _aSergey M. Reznichenko
245 _aTheoretical and Methodological Foundations of the Management by Objectives for the Regional Socio-economic Systems Development
245 _cSergey M. Reznichenko, Viktor O. Shishkin, Rustem A. Shichiyakh, Vitaly M. Smolentsev
260 _bInternational Review of Management and Marketing
260 _c2016
300 _a6 : 6S
650 _xMarketing.
856 _uhttp://www.econjournals.com/index.php/irmm/issue/view/86
999 _c308609
_d308609